00857cam a22002291 450000100060000000300080000600500170001400800410003103500140007203500190008604000320010504100110013708200180014810000530016624500940021926000350031330000330034850000750038150001350045650400210059165000150061232966BD-RjUL20211209051926.0140429t1949 enk 001 0 eng d a(BD-RjUL) a(BD-RjUL)33056 aDLCcOAkdDLCdBD-RjULbeng1 aengurd04a297bAHI 19491 aAḥmad, Bashīruddīn Maḥmūd,d1889-1965.00aIntroduction to the study of the Holy Quran /cby Hazrat Mirza Bashir UD-DiN mahmud Ahmad aLondon,bLondon Mosque,c1949. aix, 446 p. :bill. ;c22 cm. aLabel mounted on t.-p.: Washington, D.C., Ahmadiyya Movement in Islam. a"Qāḍī Muhammad Aslam ... and Sir Muhammad Ẓafrullah Khān ... rendered this general introduction from Urdu into English." aIncludes index.  0aAhmadiyya.